000 00618nam a2200253Ia 4500
005 20251020182502.0
008 200515s9999 xx 000 0 und d
020 _a978-607-05-0253-8
082 _a625.7/W92
100 _aWright, Paul H.
245 0 _aIngeniería de carreteras
250 _a2a ed.
260 _aMéxico, D.F.
260 _bLIMUSA WILEY; NORIEGA EDITORES
260 _c2011
300 _a960 p.
300 _bil., tbl., graf.
500 _a1 ejemplar
650 _aCARRETERAS
650 _aDISEÑO GEOMETRICO
650 _aINGENIERIA DE CARRETERAS
942 _cLIB
999 _c1190
_d1190